Volkswagen models - sudden death - Statistics

General Stats
  • This quiz has been taken 113 times
    93 since last reset
  • The average score is 10 of 15
Answers on the Grid
Answers color-coded by a green-red scale on the quiz's grid according to % correct below.
Focus
Golf
Duster
Zafira
Scirocco
Phaeton
Murcielago
Passat
UP
Bora
Yaris
Sharan
Tavascan
Vento
Caddy
Prowler
Amazon
Beetle
A5
Transporter
Senna
ID.3
Lanos
Jetta
Malibu
Corsa
Captur
Touareg
Torana
Touran
 
Answer Stats
Answer % Correct
Golf
99%
Passat
84%
Beetle
78%
Touran
72%
Jetta
70%
Scirocco
70%
Touareg
69%
Bora
66%
Caddy
66%
Transporter
66%
UP
64%
ID.3
61%
Phaeton
61%
Sharan
54%
Vento
33%
No matching quizzes found
Score Distribution
Percent of People with Each Score
Percentile by Number Answered
Your Score History
You have not taken this quiz since the last reset